000 00375nam a2200133Ia 4500
008 220217s9999||||xx |||||||||||||| ||und||
020 _a8190371738
100 _ashah V.L and Karve S.R
245 0 _aillustrated reinforced concrete design
250 _a5th
260 _aStandard publishers
_bDelhi
_c2015
300 _aXIV, 562p.
_b400
650 _aCONCRETE TECHNOLOGY
999 _c186836
_d186836